| 000 | 00480nam a2200193 a 4500 | ||
|---|---|---|---|
| 001 | BRCA_6667 | ||
| 005 | 20190320205540.0 | ||
| 008 | 121011s1914----gw-a######---#000-0#ger-# | ||
| 041 | _ager | ||
| 044 | _agw | ||
| 050 | 4 |
_aQD37 _b.N34 1914 |
|
| 100 | 1 |
_aNagel, Oskar _916687 |
|
| 245 | 1 | 0 |
_aDie Romantik der Chemie _cvon Oskar Nagel. |
| 260 |
_aStuttgart, Alemania _bKosmos _c1914 |
||
| 300 |
_a84 p. _bil. _c20 cm. |
||
| 650 | 1 | 4 |
_aQuĂmica _9161 |
| 902 | _aGFM | ||
| 942 |
_2lcc _cB |
||
| 999 |
_c6351 _d6351 |
||